Score 0/46 Timer 06:00
1 Play Today
Hint Answer % Correct
FAMOUS QUOTE (3 Letters)•••SEE•••
92.1%
FAMOUS QUOTE (3 Letters)RED
92.1%
FAMOUS QUOTE (3 Letters)BEE
92%
FAMOUS QUOTE (3 Letters)SEW
90.9%
FAMOUS QUOTE (3 Letters)BRA
90.9%
FAMOUS QUOTE (3 Letters)CAT
90.8%
FAMOUS QUOTE (3 Letters)RIN
90.7%
FAMOUS QUOTE (3 Letters)PEN
90.7%
FAMOUS QUOTE (3 Letters)•••PEA•••
90.6%
FAMOUS QUOTE (3 Letters)SEA
90.6%
FAMOUS QUOTE (3 Letters)CUT
90.3%
FAMOUS QUOTE (3 Letters)BEA
90.1%
MOVIE TITLE (5 Letters)•••SENSE•••
89.9%
FAMOUS QUOTE (3 Letters)DEW
89.7%
FAMOUS QUOTE (3 Letters)SET
89.6%
FAMOUS QUOTE (3 Letters)PIN
89.6%
FAMOUS QUOTE (3 Letters)SAT
89.5%
FAMOUS QUOTE (3 Letters)ERA
89.3%
MOVIE TITLE (5 Letters)LEASE
88.8%
MOVIE TITLE (5 Letters)SIXTY
88.3%
MOVIE TITLE (5 Letters)BILLY
88%
MOVIE TITLE (5 Letters)BILLS
87.7%
FAMOUS QUOTE (3 Letters)RID
87.7%
Hint Answer % Correct
MOVIE TITLE (5 Letters)LEASH
87.2%
MOVIE TITLE (5 Letters)SOUTH
87%
MOVIE TITLE (5 Letters)TEASE
86.7%
MOVIE TITLE (5 Letters)SILLY
86.7%
FAMOUS QUOTE (3 Letters)•••EYE•••
86.3%
MOVIE TITLE (5 Letters)COUCH
85.5%
MOVIE TITLE (5 Letters)TENSE
85.4%
FAMOUS QUOTE (3 Letters)ERE
85%
FAMOUS QUOTE (3 Letters)•••D.Ed.•••
84.3%
MOVIE TITLE (5 Letters)REACH
83.7%
MOVIE TITLE (5 Letters)ROACH
83.5%
MOVIE TITLE (5 Letters)COACH
82.5%
MOVIE TITLE (5 Letters)SILTY
82.3%
MOVIE TITLE (5 Letters)COUTH
81.3%
FAMOUS QUOTE (3 Letters)PUT
80.6%
MOVIE TITLE (5 Letters)LEACH
80.5%
MOVIE TITLE (5 Letters)BOOTH
75.3%
MOVIE TITLE (5 Letters)BOOTS
70.6%
MOVIE TITLE (5 Letters)SOOTH
70.4%
MOVIE TITLE (5 Letters)•••(THE) SIXTH•••
70.2%
MOVIE TITLE (5 Letters)BOLLS
69.5%
MOVIE TITLE (5 Letters)BOLTS
64.7%
FAMOUS QUOTE (3 Letters)•••PUL•••
48.1%

Today's Daily Dose

Remove Ads.
Support Sporcle.
Get the best of Sporcle when you Go Orange. This ad-free experience offers more features, more stats, and more fun while also helping to support Sporcle. Thank you for becoming a member.

You're not logged in!

Compare scores with friends on all Sporcle quizzes.
OR
Log In

Show Comments

Extras

Top Quizzes Today


Score Distribution

Your Account Isn't Verified!

In order to create a playlist on Sporcle, you need to verify the email address you used during registration. Go to your Sporcle Settings to finish the process.

Report this User

Report this user for behavior that violates our Community Guidelines.

Details: